Countries Closest to... dang, I forgot where #2 - Statistics

General Stats
  • This quiz has been taken 4,664 times
  • The average score is 18 of 21
Answer Stats
km country miles % Correct
0 Indonesia 0
96%
461 Australia 286
95%
3433 China 2133
95%
1594 Malaysia 990
92%
2899 Vietnam 1802
91%
3796 India 2359
90%
1506 Papua New Guinea 936
90%
2979 Thailand 1851
90%
3227 Laos 2005
89%
2516 Singapore 1563
88%
2988 Cambodia 1857
87%
Timor-Leste
87%
1538 Philippines 956
85%
3624 Japan 2252
84%
3549 Myanmar 2205
84%
1813 Brunei 1127
83%
3436 Taiwan 2135
80%
1620 Palau 1006
76%
2176 Micronesia 1352
75%
3109 Solomon Islands 1932
74%
4319 Vanuatu 2684
67%
No matching quizzes found
Score Distribution
Percent of People with Each Score
Percentile by Number Answered
Your Score History
You have not taken this quiz